Original World of Warcraft Geography - Statistics

General Stats
  • This quiz has been taken 341 times
  • The average score is 25 of 40
Answer Stats
Hint Answer % Correct
Home to Ann'Qiraj Silithus
84%
Home to the world's largest fishing tournament-- every Sunday morning Stranglethorn Vale
84%
Home to the Mirage Raceway Thousand Needles
84%
Frostsaber grinding for days Winterspring
82%
Infamous for Chuck Norris jokes in general chat Barrens
80%
Features Goldshire-- the mother of all dueling hotspots Elwynn Forest
79%
Home of the centaur clans Desolace
76%
Gold farmers and Azuregos are the only things here Azshara
75%
Watch out! Stitches is coming! Duskwood
72%
Final resting place of Uther the Lightbringer Western Plaguelands
70%
World PvP heaven, home of Black Fathom Deeps Ashenvale
69%
The zone devastated most by the Scourage Eastern Plaguelands
68%
Valley of Trials and Zalazane Durotar
67%
Timbermaw Hold reputation grinding Felwood
66%
This lush zone is the home of the Gordunni Ogres Feralas
66%
Home of the Tauren Mulgore
65%
Features the Scarlet Monastery Tirisfal Glades
64%
Perfectly circular and filled with dinosaurs/magical crystals Un'goro Crater
64%
More interesting after BC when Karazhan was christened Deadwind Pass
62%
North of Blackrock Mountain Searing Gorge
62%
Headquarters of the Steamwheedle Cartel Tanaris
62%
Uldaman's home country Badlands
61%
Featured the never ending battle between Southshore and Tarren Mill Hillsbrad Foothills
61%
Druids learned aqua form here Moonglade
61%
Features the Temple of Atal'Hakkar Swamp of Sorrows
61%
Dwarven Homeland Dun Morogh
59%
Once a swamp called 'The Black Morass' Blasted Lands
58%
South of Blackrock Mountain Burning Steppes
58%
Onyxia's home Dustwallow Marsh
58%
Big Lake Loch Modan
58%
Defias stronghold Westfall
56%
Land of trolls, gryffins, and dwarves Hinterlands
54%
Situated on the stump of a giant tree Teldrassil
54%
Hosts the world's first domination battleground Arathi Highlands
53%
Land of Venture Co shredders and really annoying harpies Stonetalon Mountains
52%
Connects to the zones to the north with the Thandol Span Wetlands
52%
Arugal's homeland Silverpine Forest
48%
Beaches with dead sea-creatures Darkshore
46%
Features a large lake surrounded by camps of Blackrock Orcs Redridge Mountains
44%
Hosts the long conflict between the Stormpike and the Frostwolves Alterac Mountains
40%
No matching quizzes found
Score Distribution
Percent of People with Each Score
Percentile by Number Answered
Your Score History
You have not taken this quiz